東武日光線の駅 - Statistics

General Stats
  • This quiz has been taken 47 times
  • The average score is 20 of 26
Answer Stats
Hint Answer % Correct
TN-25 東武日光
97%
TN-03 南栗橋
95%
TN-23 下今市
95%
TS-30 東武動物公園
92%
TN-04 栗橋
92%
TN-11 栃木
92%
TN-12 新栃木
92%
TN-24 上今市
90%
TN-01 杉戸高野台
87%
TN-18 新鹿沼
87%
TN-02 幸手
85%
TN-07 板倉東洋大前
79%
TN-05 新古河
77%
TN-10 新大平下
77%
TN-06 柳生
72%
TN-13 合戦場
72%
TN-17 樅山
72%
TN-19 北鹿沼
72%
TN-16 楡木
67%
TN-08 藤岡
59%
TN-22 明神
59%
TN-09 静和
56%
TN-15 東武金崎
56%
TN-14 家中
54%
TN-20 板荷
54%
TN-21 下小代
51%
No matching quizzes found
Score Distribution
Percent of People with Each Score
Percentile by Number Answered
Your Score History
You have not taken this quiz